000 00606nam a22002177a 4500
003 UA-OsUOA
001 112158
007 ta
008 20150622b un ||||| |||| 00| 0 ukr d
100 _aНасіров Р.М.
090 _a330(477)
_bН31
942 _cSA
040 _aUA-OsUOA
_bukr
_cUA-OsUOA
_dUA-OsUOA
245 _aРеформування податкової системи України
300 _aС.7-18
955 _a0
041 _aukr
080 _a330(477)
773 0 _w112157
_tФінанси України
_dК.
_d2015
_g3
650 7 _a330 Економіка взагалі
_2UDC
999 _c398196
_d398196